Co přináší novelizace zákoníku práce /

Na minha lista:
Detalhes bibliográficos
Autor principal: Jakubka, Jaroslav (Author)
Formato: Livro
Publicado em: Praha : Práce, 1989
Tags: Adicionar Tag
Sem tags, seja o primeiro a adicionar uma tag!

MARC

LEADER 00000nam a22000003a 4500
001 stu16637
005 20150617225758.2
008 ------s1989----cs----------------------d
040 |a STU  |b slo 
041 0
044 |a cs 
080 |a 331.01:34 
100 1 |a Jakubka, Jaroslav  |4 aut 
245 1 |a Co přináší novelizace zákoníku práce /  |c [aut.]Jakubka,Jaroslav 
260 |a Praha :  |b Práce,  |c 1989 
300 |a 101 s 
996 |b CB945  |c C*B945  |l CCI  |s A  |a 24  |w stu16637_0001 
996 |b CB946  |c C*B946  |l CCI  |s A  |a 24  |w stu16637_0002 
996 |b CB947  |c C*B947  |l CCI  |s A  |a 24  |w stu16637_0003 
996 |b CB1009  |c C*B1009  |l CCXIV  |s P  |a 0  |w stu16637_0004